Minimálny nárast miezd v Amerike ekonomika sa vracia ku konkurenčnému kapitalizmu

Netypický vývoj na trhu práce USA v posledných mesiacoch. Minimálna miera nezamestnanosti a klesajúci rast miezd. Názor Federálneho rezervného fondu USA na tento problém. Graf vývoja miery nezamestnanosti v USA na prelome rokov 1998-99.

Uložené v:
Podrobná bibliografia
Hlavný autor: Jančík, Ľuboš
Médium: Kapitola
Jazyk:Slovak
Predmet:
Tagy: Pridať tag
Žiadne tagy, Buďte prvý, kto otaguje tento záznam!

MARC

LEADER 00000naa a2200000 4500
001 r035006
005 20230824101251.8
041 0 |a slo 
044 |a SK 
245 1 0 |a Minimálny nárast miezd v Amerike  |b ekonomika sa vracia ku konkurenčnému kapitalizmu  |c Ľuboš Jančík 
520 |a Netypický vývoj na trhu práce USA v posledných mesiacoch. Minimálna miera nezamestnanosti a klesajúci rast miezd. Názor Federálneho rezervného fondu USA na tento problém. Graf vývoja miery nezamestnanosti v USA na prelome rokov 1998-99. 
610 2 0 |a trh práce 
610 2 0 |a zamestnanosť plná 
610 2 0 |a miera nezamestnanosti 
610 2 0 |a mzdy 
610 2 0 |a náklady mzdové 
610 2 0 |a USA 
100 1 |a Jančík, Ľuboš